000 00516nam a2200169 a 4500
008 120416s1973 ||||||||||||||||| || u
020 _a0900850914
050 _aK 640 Jul
100 _aJulius, M. H
245 1 0 _aNotorious trials
260 _aCornwall
_bJames Pike
_c1973
300 _a142p.
350 _a0.00
650 _aLAW
650 _aTRIALS--LAW
995 _D0.00
_FCBU-MAIN LIBRARY (Kitwe)
_H1
_I1.50
_M1
_UAVAILABLE
_ZAnnex Low-Usage Collection
999 _c52402
_d52402